| 000 | 00000nas 2200000za 4500 |
| 001 | 9.819696 |
| 003 | CaOODSP |
| 005 | 20221107143028 |
| 007 | cr ||||||||||| |
| 008 | 150406d19861989onc x m o||||f0 |0eng|d |
| 040 | |aCaOODSP|beng |
| 043 | |an-cn--- |
| 086 | 1 |aXC26-1/1E-pdf |
| 110 | 1 |aCanada.|bParliament.|bHouse of Commons. |bStanding Committee on Finance and Economic Affairs. |
| 245 | 10|aReport of the Standing Committee on Finance and Economic Affairs|h[electronic resource] |
| 260 | |a[Ottawa] : |bThe Committee,|c[1986-1989] |
| 310 | |aIrregular |
| 775 | 08|tRapport du Comité permanent des finances et des affaires économiques|w(CaOODSP)9.819845 |
| 780 | 00|tReport of the Standing Committee on Finance, Trade and Economic Affairs |w(CaOODSP)9.819877 |
| 785 | 00|tReport of the Standing Committee on Finance |w(CaOODSP)9.506813 |